00733cam a22002411 450000100060000000300080000600500170001400800390003103500190007003500180008904000410010704100080014808200200015610000510017624500470022725000120027426000570028630000340034350400200037760000420039765000170043965000350045618157BD-RjUL20211209000238.0140219r19551950enk 001 0 eng a(BD-RjUL)18215 a(OCoLC)973783 aDLCcOTifHdOCoLCdDLCdBD-RjULbeng aeng00a928.2bRIC 19551 aRichards, I. A.q(Ivor Armstrong),d1893-1979.10aColeridge on imagination /cI.A. Richards. a2nd ed. aLondon :bRoutledge & Kegan,c1950 [reprinted 1955]. axv, 236 p. :bport. ;c21 cm. aincludes index.10aColeridge, Samuel Taylor,d1772-1834. 0aImagination. 0aPoetryxHistory and criticism.